000 00764nam a2200241Ia 4500
003 OSt
005 20220923211145.0
006 a|||||r|||| 00| 0
007 ta
008 220922b |||||||| |||| 00| 0 hin d
020 _a8186700054 (hbk)
024 _a169,852
037 _cTextual
040 _aARTS
_cARTS
_bhin
041 _2hin
_ahin
082 _aP15,CxF60:g, 152N7
100 _aग्रोवर, शन्नो
_9158872
245 0 _aवोपदेव का संस्कृत व्याकरण को योगदान
246 _aVopadev kā sanskṛut vyākaraṇ ko yogadāna
260 _c1997
942 _hP15,CxF60:g, 152N7
_cTEXL
_2CC
999 _c296078
_d296078